000 00531nam a22001697a 4500
003 OSt
005 20251205072258.0
008 251205b |||||||| |||| 00| 0 eng d
040 _aDWCL-Main lib
_cOC
082 _23rd ed.
_aCirc. 616.15 M618l 1967
100 _aMiale, John B.
245 _aLaboratory medicine :
_bhematology
_cMiale, John B.
260 _aSt. Louis :
_bThe C. V. Mosby Company,
_cc1967.
300 _ax, 1257 pages :
_billustration ;
_c27 cm.
650 _21. Hematology.
942 _2ddc
_cBK-CIRC
_e3rd ed.
_kCirc.
_n0
999 _c6953
_d6953